Statistics for Dangerous Tracklist (Michael Jackson)

Click here to take the quiz!

General Stats

  • This quiz has been taken 14 times
  • The average score is 12 of 14

Answer Stats

HintAnswer% Correct
8Black Or White
100%
6Can't Let Her Get Away
100%
14Dangerous
100%
10Give In To Me
100%
1Jam
100%
7Heal The World
88%
5Remember The Time
88%
4She Drives Me Wild
88%
13Gone Too Soon
75%
3In The Closet
75%
12Keep The Faith
75%
2Why You Wanna Trip On Me
75%
11Will You Be There
75%
9Who Is It
50%

Score Distribution

Percentile by Number Answered

Percent of People with Each Score

Your Score History

You have not taken this quiz